000 00897nam a22002297a 4500
999 _c177637
_d177637
005 20210406161849.0
010 _aB-739234-236 B-739701
020 _a9789390189212
_c499.00
035 _aB-739234-236
035 _aB-739701
037 _bScholastic
082 _aN
100 _aMartin, Ann M.
245 _aThe baby-sitters club:
_bthe truth about stacey part-2 /
_cby Ann M. Martin [and] Raina Telgemeier
260 _aNew York
_bScholastic
_c2020
270 _a557 Broadway
_bNew York
_eNY 10012
300 _a141p.:
_c21cm(pbk)
_bill.
700 _aTelgemeier, Raina
942 _2ddc
_cCH
_hN
_mMAR